000 00613pab a2200205 454500
008 180718b2015 xxu||||| |||| 00| 0 eng d
100 _aEccleston, Richard
245 _aFrom Calgary to Canberra: resource taxation and fiscal federalism in Canada and Australia
260 _c2015
300 _ap.216-243.
362 _aSpring
650 _aFiscal federalism - Australia
650 _aFiscal federalism - Canada
650 _aTaxation - Australia
650 _aTaxation - Canada
650 _aTaxation
700 _aWoolley, Timothy
773 _aPublius: the Journal of Federalism
909 _a108608
999 _c108603
_d108603